Параллельная модель общей циркуляции океана для многопроцессорных вычислительных систем; Информационные технологии; № 8

Detalhes bibliográficos
Parent link:Информационные технологии: теоретический и прикладной научно-технический журнал.— , 2000-
№ 8.— 2003.— С. 20-26
Autor principal: Русаков А. С.
Outros Autores: Дианский Н. А.
Idioma:russo
Publicado em: 2003
Colecção:Оптимизация и моделирование
Assuntos:
Formato: Capítulo de Livro
KOHA link:https://koha.lib.tpu.ru/cgi-bin/koha/opac-detail.pl?biblionumber=388050

MARC

LEADER 00000naa2a2200000 4500
001 388050
005 20231101063704.0
035 |a (RuTPU)RU\TPU\prd\18671 
090 |a 388050 
100 |a 20031020a2003 k y0rusy50 ca 
101 0 |a rus 
102 |a RU 
200 1 |a Параллельная модель общей циркуляции океана для многопроцессорных вычислительных систем  |f А. С. Русаков, Н. А. Дианский 
225 1 |a Оптимизация и моделирование 
320 |a Библиогр.: 14 назв. 
461 1 |0 (RuTPU)RU\TPU\prd\1520  |t Информационные технологии  |o теоретический и прикладной научно-технический журнал  |d 2000- 
463 1 |0 (RuTPU)RU\TPU\prd\18198  |t № 8  |v С. 20-26  |d 2003 
610 1 |a параллельная модель 
610 1 |a океаны 
610 1 |a циркуляция 
610 1 |a многопроцессорные вычислительные системы 
675 |a 004.272.32  |v 3 
700 1 |a Русаков  |b А. С. 
701 1 |a Дианский  |b Н. А. 
801 1 |a RU  |b 63413507  |c 20031020  |g PSBO 
801 2 |a RU  |b 63413507  |c 20130507  |g RCR 
942 |c BK